Construire la ville africaine : (Record no. 35615)
[ view plain ]
| 000 -LEADER | |
|---|---|
| fixed length control field | 00866 a2200265 4500 |
| 003 - CONTROL NUMBER IDENTIFIER | |
| control field | 0 |
| 005 - DATE AND TIME OF LATEST TRANSACTION | |
| control field | 20171012154021.0 |
| 008 - FIXED-LENGTH DATA ELEMENTS--GENERAL INFORMATION | |
| fixed length control field | 130225t xxu||||| |||| 00| 0 eng d |
| 020 ## - NUMERO INTERNATIONAL NORMALISE DES LIVRES | |
| International Standard Book Number | 2-86537-254-5 |
| 040 ## - SOURCE DU CATALOGAGE | |
| Original cataloging agency | BUAC |
| Language of cataloging | Fre. |
| Transcribing agency | BUC |
| 041 ## - CODE DE LANGUE | |
| Language code of text/sound track or separate title | Fre. |
| 100 ## - VEDETTE PRINCIPALE - NOM DE PERSONNE | |
| Personal name | Canel, Patrick |
| 9 (RLIN) | 22483 |
| 100 ## - VEDETTE PRINCIPALE - NOM DE PERSONNE | |
| Language of a work | Fre. |
| 9 (RLIN) | 22484 |
| 245 ## - TITLE STATEMENT | |
| Title | Construire la ville africaine : |
| Remainder of title | Chroniques du citadin promoteur |
| Statement of responsibility, etc | Patrck Canel, Philippe Delis, Christan Girard |
| 260 ## - PUBLICATION, DISTRIBUTION, ETC. (IMPRINT) | |
| Place of publication, distribution, etc | Paris : |
| Name of publisher, distributor, etc | Ed. Karthala, |
| -- | Ed. ACCT, |
| Date of publication, distribution, etc | 1990 |
| 300 ## - PHYSICAL DESCRIPTION | |
| Extent | 197 p. |
| Dimensions | 24 cm |
| Other physical details | couv. ill. en coul. ; |
| 440 ## - SERIES STATEMENT/ADDED ENTRY--TITLE | |
| Title | (Economie et développement / dir. par Georges Courade) |
| 9 (RLIN) | 22485 |
| 504 ## - BIBLIOGRAPHY, ETC. NOTE | |
| Bibliography, etc | Bibliogr. pp. 188 - 193 |
| 630 ## - SUBJECT ADDED ENTRY--UNIFORM TITLE | |
| Uniform title | GEOGRAPHIE |
| 9 (RLIN) | 22486 |
| 650 ## - SUBJECT ADDED ENTRY--TOPICAL TERM | |
| Topical term or geographic name as entry element | Ville : urbanisation : Afrique |
| 9 (RLIN) | 22487 |
| 700 ## - ADDED ENTRY--PERSONAL NAME | |
| Personal name | Delis, Philippe |
| 9 (RLIN) | 22489 |
| 700 ## - ADDED ENTRY--PERSONAL NAME | |
| Personal name | Girard, Christian |
| 9 (RLIN) | 22490 |
| 942 ## - ADDED ENTRY ELEMENTS (KOHA) | |
| Koha item type | Libre Accès |
| Withdrawn status | Lost status | Damaged status | Not for loan | Location (home branch) | Sublocation or collection (holding branch) | Date acquired | Source of acquisition | Koha issues (times borrowed) | Koha full call number | Piece designation (barcode) | Koha date last seen | Copy number | Price effective from | Koha item type | Coded location qualifier |
|---|---|---|---|---|---|---|---|---|---|---|---|---|---|---|---|
| Bibliothèque Universitaire Centrale | Bibliothèque Universitaire Centrale | CRDI | 911 CAN | L10070Buc | 25/02/2013 | 1 | 25/02/2013 | Livre | |||||||
| Bibliothèque Universitaire Centrale | Bibliothèque Universitaire Centrale | 10/04/2013 | Achat | 911 CAN | 13-048Buc | 10/04/2013 | 2 | 10/04/2013 | Libre Accès | 13/048 | |||||
| Bibliothèque Universitaire Centrale | Bibliothèque Universitaire Centrale | 10/04/2013 | Achat | 911 CAN | 13-049Buc | 10/04/2013 | 3 | 10/04/2013 | Libre Accès |